000
00254nam a22001217a 4500
008
170921b xxu||||| |||| 00| 0 eng d
041
_a
eng
080
_a
7
100
_a
45
101
_a
ART
245
_a
THE ART OF ASIA
_c
HORVATH.T
942
_2
udc
_c
BK
999
_c
28669
_d
28669